UV lasers. (Record no. 7293)

MARC details
000 -LEADER
fixed length control field 01069pam a2200277 a 4500
001 - CONTROL NUMBER
control field 4470107
003 - CONTROL NUMBER IDENTIFIER
control field OSt
005 - DATE AND TIME OF LATEST TRANSACTION
control field 20210929113956.0
008 - FIXED-LENGTH DATA ELEMENTS--GENERAL INFORMATION
fixed length control field 960308s1996 enka b 001 0 eng
010 ## - LIBRARY OF CONGRESS CONTROL NUMBER
LC control number 96013553
020 ## - INTERNATIONAL STANDARD BOOK NUMBER
International Standard Book Number 0521464986 (hardback)
040 ## - CATALOGING SOURCE
Original cataloging agency DLC
Transcribing agency DDC
Modifying agency DLC
050 00 - LIBRARY OF CONGRESS CALL NUMBER
Classification number TA1695
Item number .D845 1996
082 00 - DEWEY DECIMAL CLASSIFICATION NUMBER
Classification number 620.1DUL 1996
100 1# - MAIN ENTRY--PERSONAL NAME
Personal name Duley, W. W.
9 (RLIN) 14963
245 10 - TITLE STATEMENT
Title UV lasers.
Remainder of title Effects and applications in materials science.
Statement of responsibility, etc. Edited by Duley, W.W.
260 ## - PUBLICATION, DISTRIBUTION, ETC. (IMPRINT)
Place of publication, distribution, etc. New York :
Name of publisher, distributor, etc. Cambridge University Press,
Date of publication, distribution, etc. 1996.
300 ## - PHYSICAL DESCRIPTION
Extent xi,407p;
Other physical details ill. ;
Dimensions 26 cm.
504 ## - BIBLIOGRAPHY, ETC. NOTE
Bibliography, etc Includes; bibliographical references and index.
650 #0 - SUBJECT ADDED ENTRY--TOPICAL TERM
Topical term or geographic name as entry element Physics
9 (RLIN) 809
856 42 - ELECTRONIC LOCATION AND ACCESS
Materials specified Publisher description
Uniform Resource Identifier <a href="http://www.loc.gov/catdir/description/cam027/96013553.html">http://www.loc.gov/catdir/description/cam027/96013553.html</a>
856 41 - ELECTRONIC LOCATION AND ACCESS
Materials specified Table of contents
Uniform Resource Identifier <a href="http://www.loc.gov/catdir/toc/cam021/96013553.html">http://www.loc.gov/catdir/toc/cam021/96013553.html</a>
906 ## - LOCAL DATA ELEMENT F, LDF (RLIN)
a 7
b cbc
c orignew
d 1
e ocip
f 19
g y-gencatlg
942 ## - ADDED ENTRY ELEMENTS (KOHA)
Source of classification or shelving scheme Dewey Decimal Classification
Koha item type Open Shelf

No items available.